Most popular tiktoker's 2021 - Statistics

General Stats
  • This quiz has been taken 94 times
  • The average score is 4 of 8
Answer Stats
Hint Answer % Correct
77.8 Million Addison Rae
95%
109.8 million Charli D'Amelio
92%
49.6 Million Dixie D'Amelio
68%
58.6 Million Bella Poarch
41%
51.6 Million Loren Gray
26%
57.6 Million Zach King
23%
51.7 Million Tik Tok
12%
51.8 Million Spencer Polanco Knight
6%
No matching quizzes found
Score Distribution
Percent of People with Each Score
Percentile by Number Answered
Your Score History
You have not taken this quiz